000 00288nam a2200133Ia 4500
008 221030s9999 xx 000 0 und d
041 _aEnglish
082 _a105.23
100 _aP. A. Samuelson
245 0 _aEconomics
_cby P. A. Samuelson
260 _c0
650 _aB
942 _cBK
999 _c11670
_d11670